| 000 | 03652namaa22004091i 4500 | ||
|---|---|---|---|
| 003 | EG-GICUC | ||
| 005 | 20260704151307.0 | ||
| 008 | 260704s2019 ua a|||frm||| 000 0 eng d | ||
| 040 |
_aEG-GICUC _beng _cEG-GICUC _dEG-GICUC _erda |
||
| 041 | 0 |
_aeng _beng _bara |
|
| 049 | _aDeposit | ||
| 082 | 0 | 4 | _a610 |
| 092 |
_a610 _221 |
||
| 097 | _aM.Sc | ||
| 099 | _aCai01.09.07.M.Sc.2019.Sa.E | ||
| 100 | 0 |
_aSamar Sherif Ali Mostafa, _epreparation. |
|
| 245 | 1 | 0 |
_aEvaluation of Bleeding on Brushing Among a group of Egyptian Children after Using Azadirachta Indica (Neem Extract) Mouthwash Versus Chlorhexidine Mouthwash : _bA Randomized Controlled Trial / _cby Samar Sherif Ali Mostafa ; Supervised Prof.Dr. Sherif Bahgat Eltawil, Prof.Dr.Sara Ahmed Mahmoud. |
| 246 | 1 | 5 |
_aتقييم النزيف مع استخدام فرشاة الأسنان بين مجموعة من الأطفال المصريين بعد استخدام غسول الفم أزاديراختا (مستخرج النيم)مقابل غسول الفم الكلورهيكسيدين : _bتجربة عشوائية ضابطة |
| 264 | 0 | _c2019. | |
| 300 |
_a118 p. : _billustrations ; _c25 cm. + _eCD. |
||
| 336 |
_atext _2rda content |
||
| 337 |
_aUnmediated _2rdamedia |
||
| 338 |
_avolume _2rdacarrier |
||
| 502 | _aThesis (M.Sc.)-Cairo University - Faculty of Oral and Dental Medicine - Department of Pediatric Dentistry and Dental Public Health | ||
| 504 | _aBibliography: p. 95-104. | ||
| 520 | 3 | _aObjective: This study was carried out to evaluate the bleeding on brushing among a group of Egyptian children after using Azadirachta Indica (Neem extract) mouthwash versus Chlorhexidine mouthwash. Participants and Method: Ninety six healthy children aged from 8-10 years old were selected from the clinic of Pediatric Dentistry and Dental Public Health Department, Faculty of Dentistry, Cairo University after obtaining a written consent from their guardians and clearance from the Ethical Committee. The children included in this study suffered from bleeding on brushing and probing, change in color of gingiva due to inflammation and no edema. They were randomly divided into two groups, group (A): forty eight children used 0.125% chlorhexidine mouthwash and group (B): forty eight children used 2% neem extract mouthwash. Results: The results showed that the effect of Neem extract mouthwash and 0.125% Chlorhexidine mouthwash on reducing gingival bleeding were statistically significant . Besides, the results also showed that there was no a statistical significant difference (pvalue=1) between the two mouthwashes regarding their effects on gingival bleeding on brushing. Conclusion: Despite the limitation of our study, this study concluded that: Neem extract mouthwash was effective in controlling gingival bleeding on brushing . Neem extract mouthwash had a higher efficacy than Chlorhexidine mouthwash in decreasing sulcus bleeding index scores in a group of Egyptian children . Neem extract mouthwash could be very good cost-effective alternative to Chlorhexidine mouthwash with less side-effects | |
| 530 | _aIssues also as CD. | ||
| 546 | _aText in English and abstract in Arabic & English. | ||
| 650 | 0 | _aDentistry | |
| 653 | 1 | _aBleeding on Brushing | |
| 700 | 0 |
_aSherif Bahgat Eltawil _ethesis advisor. |
|
| 700 | 0 |
_aSara Ahmed Mahmoud _ethesis advisor. |
|
| 900 |
_b01-01-2019 _cSherif Bahgat Eltawil _cSara Ahmed Mahmoud _UCairo University _FFaculty of Oral and Dental Medicine _DDepartment of Pediatric Dentistry and Dental Public Health |
||
| 905 | _aShimaa | ||
| 942 |
_2ddc _cTH _e21 _n0 |
||
| 999 | _c180690 | ||